000 01116cam a22003137a 4500
003 CHAP
005 20220329134025.0
008 971013s1971 r 00010 d
010 _a14250
011 _a15222
035 _a19297
040 _cCHAP
082 _a325.3
_bG6
100 0 0 _aGonzález-Polo, Ignacio F.
_949546
245 0 _aPolotitlán de la ilustración en el estado de México :
_bun caso de colonización y fundación del pueblos en el siglo XIX
260 _aMéxico, D.F. :
_b(s.e.),
_c1971
300 _a261 p.
_b: ilus
490 0 _aBiblioteca enciclopédica del estado de México
_v; 22
590 _aBATCH-UPD
_b10
_c20130110
_lUCH01
_h2003
590 _aBATCH-UPD
_b10
_c20130410
_lUCH01
_h1323
590 _aBATCH-UPD
_b10
_c20130914
_lUCH01
_h0619
590 _aCONVERSION
_b10
_c20130109
_lUCH01
_h1309
650 1 4 _aColonias y colonización.
_925385
650 1 4 _aPolotitlán, Méx
_xHistoria.
_990728
830 0 _aBiblioteca enciclopédica del estado de México
_v; 22
_912385
901 _aBK
942 _cLIBRO
949 _a325.3 G6
_bBC
_cLIBRO
_d33724000302428
_eLIBRO
_h15819
_i19297
_mD
_si
999 _c14250
_d14250